|
|
|
|
| LEADER |
00000nkm a2200000 a 4500 |
| 001 |
vtls011845629 |
| 003 |
SK-MaSNL |
| 005 |
20260512125338.0 |
| 007 |
kp ao |
| 008 |
230706q1906 xo g kuhun |
| 015 |
|
|
|a SNBG1906
|
| 035 |
|
|
|a urn:nbn:sk:snk-km00dvqv
|
| 035 |
|
|
|a urn:nbn:sk:snk-km3lsb7
|
| 035 |
|
|
|a 4FD8A14E-026F-424D-A20B-0D04812638F7
|
| 040 |
|
|
|a SNK
|b slo
|c SNK
|e AACR2
|
| 041 |
0 |
|
|a hun
|
| 043 |
|
|
|a e-xo---
|
| 044 |
|
|
|a xo
|c SK
|
| 072 |
|
7 |
|a 913
|x Regionálna geografia
|2 konspekt
|
| 080 |
|
|
|a 913(437.6)
|2 2011
|
| 080 |
|
|
|a 725.961
|2 2011
|
| 080 |
|
|
|a 725.96
|2 2011
|
| 080 |
|
|
|a 623.1
|2 2011
|
| 080 |
|
|
|a 711.73
|2 2011
|
| 080 |
|
|
|a 94(084.121)
|2 2011
|
| 245 |
0 |
0 |
|a Üdvözlet Korponáról!
|h grafika
|
| 260 |
|
|
|a [Slovensko?]
|b [vydavateľ neznámy]
|c [1906?]
|
| 300 |
|
|
|a 1 pohľadnica
|b tónovaná do hneda
|c 10 x 15 cm
|
| 500 |
|
|
|a Názvové údaje prevzaté z obrazovej časti pohľadnice
|
| 520 |
8 |
|
|a Zobrazenie: Pohľad v tenkom čiernom orámovaní, následne v hrubom bielom, na dolnú bránu - súčasť starého mestského opevnenia. Vpravo aj vľavo od nej sú postavené novšie budovy. Uprostred je cesta, ktorá má po oboch stranách drevené ploty. Vpravo v pozadí stojí niekoľko ľudí, z nich vpredu stoja traja muži v klobúkoch. V spodnej a ľavej časti po celej šírke a výške pohľadnice sa nachádza biely rámček na správu
|
| 650 |
0 |
7 |
|a mestské brány
|2 SNKPH
|9 87189
|
| 650 |
0 |
7 |
|a mestské opevnenia
|2 SNKPH
|9 70043
|
| 650 |
0 |
7 |
|a fortifikačná architektúra
|2 SNKPH
|9 263292
|
| 650 |
0 |
7 |
|a ulice
|2 SNKPH
|9 2938
|
| 651 |
|
7 |
|a Krupina (Slovensko)
|2 SNKPHgeo
|9 17094
|
| 655 |
|
7 |
|a miestne pohľadnice
|2 SNKPH
|9 70510
|
| 655 |
|
7 |
|a historické pohľadnice
|2 SNKPH
|9 159703
|
| 852 |
|
|
|a Slovenská národná knižnica
|
| 958 |
|
|
|a GBN
|
| 958 |
|
|
|a GC
|
| 958 |
|
|
|a ONDV
|
| 999 |
|
|
|c 1031513
|d 1033443
|
| 952 |
|
|
|a SNK
|b SNK
|y PREZ
|7 0
|p 17A1235995
|o snkSP 41983
|z Pohľadnica prešla poštou. ; Pohľadnica je z ľavej strany z adresnej časti poškodená, má odtrhnutú malú časť, asi 0,5 cm pásik.
|0 0
|1 0
|4 0
|d 2019-03-13
|f 1
|l 0
|r 2026-02-24 13:56:29
|w 2026-02-24
|